000 00313nam a22001457a 4500
008 210609b ||||| |||| 00| 0 eng d
020 _a9790030500496
041 _aeng
080 _a574
082 _a574
100 _a9
101 _aMJE
245 _aEnvironmental Science
_cKaty Z. Allen
942 _2udc
_cBK
999 _c58113
_d58113